000 00330nam a2200157Ia 4500
100 _aBhattacharyya/A
650 _aPhysics
942 _cBK
366 _f25
245 _aEngineering physics
260 _bOxford Higher Education
_c2015
082 _a530
_bBHA
300 _a959
546 _aENGLISH
_cComputers
999 _c23619
_d23619